[Event "RUS-Cup3"]
[Site "Omsk"]
[Date "1996.??.??"]
[Round "7"]
[White "Korneev, Oleg"]
[Black "Permiakov, Vladimir"]
[Result "1-0"]
[WhiteElo "2565"]
[BlackElo "2400"]
[Annotator "Tsesarsky,I"]
[PlyCount "71"]
[EventDate "1996.12.13"]
[EventType "swiss"]
[EventRounds "9"]
[EventCountry "RUS"]
[SourceTitle "CBM 057"]
[Source "ChessBase"]
[SourceDate "1997.04.01"]
[SourceVersion "1"]
[SourceVersionDate "1997.04.01"]
[SourceQuality "1"]

1. e4 {Alterman,B} c5 2. Nf3 Nc6 3. d4 cxd4 4. Nxd4 g6 5. c4 Nf6 6. Nc3 d6 7.
Be2 Nxd4 8. Qxd4 Bg7 9. O-O O-O 10. Qd3 Be6 (10... Bd7 11. Be3 a6 12. a4 a5 13.
c5 $1 $14 {Almasi,Z-Khalifman,A/Wijk aan Zee/1995/0,5/43/}) (10... Nd7 $6 11.
Bg5 Nc5 12. Qe3 Ne6 13. Bh6 (13. Bh4 $1 $16) 13... Bxh6 14. Qxh6 $14 {Almasi,
Z-Spangenberg,H/Buenos Aires/1996/0,5/25/}) 11. Be3 (11. Bd2 Nd7 12. b3 a6 (
12... Nc5 13. Qe3 Bd7 $1 14. Rab1 Bc6 15. f3 a5 $10 {Leko,P-Tiviakov,S/
Groningen/1995/0,5/31/}) 13. Rac1 (13. f4 $6 b5 14. cxb5 axb5 15. f5 $2 (15.
Qxb5 $1 {Tsesarsky}) 15... Bxb3 $1 16. Qxb5 Rb8 17. Qd3 Ne5 $17 {Zvjaginsev,
V-Sorokin,M/Elista(RUS-ch)/1996/0-1/39/}) 13... Ne5 14. Qg3 Nc6 15. f4 Nd4 16.
Bd3 f5 17. exf5 Bxf5 18. Bxf5 Rxf5 19. Qd3 $14 {Almasi,Z-Tiviakov,S/Buenos
Aires/1996/0,5/58/}) 11... Nd7 (11... Qa5 12. Bd4 Rfc8 13. b3 a6 14. f4 b5 15.
cxb5 axb5 16. Nxb5 Rab8 17. f5 Bd7 18. a4 $14 {Hardicsay,P-Alterman,B/Hartberg/
1991/0,5/39/}) 12. Bd4 $146 (12. Nd5 Bxd5 13. cxd5 Nc5 (13... Bxb2 14. Rab1 Bg7
15. Rxb7 Nc5 16. Bxc5 dxc5 $14) 14. Qc4 Bxb2 15. Rab1 Bf6 16. Bxc5 Rc8 17. Rb5
(17. Rxb7 Rxc5 18. Qa4 $11) 17... b6 18. Bxb6 axb6 19. Qb4 Rc2 20. Bc4 $11 {
1/2-1/2 Nikolaidis,K-Muco,F/Aegina op 1995 (43)}) 12... Bxd4 (12... Ne5 13. Qe3
Nxc4 $140 $2 14. Bxc4 Bxc4 15. Bxg7 Kxg7 16. Qd4+ $18) 13. Qxd4 Qa5 14. b3 a6 (
14... Qe5 15. Qd2 (15. Qe3 f5 16. f4 Qc5 $10) 15... Nc5 16. f3 {/\Qe3,f4/ /
\Qe3,f4/} f5 17. exf5 Qxf5 18. Rae1 $14) (14... Ne5 $14 {Alterman,B}) (14...
Nf6 $1 {Alterman,B} 15. f4 Rac8 $14) 15. Kh1 $5 (15. f4 $1 f5 (15... Qc5 $6 16.
Qxc5 Nxc5 (16... dxc5 $2 17. f5 $18) 17. b4 (17. f5 {Alterman,B} Bd7 18. f6 $14
) 17... Nd7 18. c5 $1 {[%cal Gf4f5]} (18. f5 $6 Bxc4 19. Bxc4 Rac8 20. Bxa6
bxa6 21. Nd5 Rfe8 22. Rfc1 Rxc1+ 23. Rxc1 e6 24. fxe6 fxe6 25. Nc7 Rc8 26. a4
Nb6 27. Rc6 Nxa4 (27... Na8 28. Nd5 Rxc6 29. Ne7+ Kf7 30. Nxc6 Nb6 $11) 28.
Rxa6 Rxc7 29. Rxa4 Rc4 30. Ra6 Rxb4 31. Rxd6 Rxe4 $15) 18... f5 (18... dxc5 19.
f5 gxf5 20. exf5 cxb4 21. fxe6 fxe6 22. Ne4 $16) (18... a5 19. f5 axb4 20. fxe6
fxe6 21. Rxf8+ Nxf8 22. Nb5 dxc5 23. Bc4 $16) 19. cxd6 exd6 20. Rad1 a5 21.
bxa5 Rxa5 22. Rxd6 Nc5 (22... Rc8 23. Rc1 Kf7 24. e5 Rac5 25. Rd3 Nb6 26. Rb1
R8c6 27. Bf3 Rxc3 28. Rxc3 Rxc3 29. Rxb6 $16) 23. e5 $16) 16. Nd5 Rae8 17. b4
Qd8 18. e5 $14) 15... Rac8 16. f4 f6 (16... f5 17. Nd5 (17. Bf3 $14 {Alterman,B
})) 17. Rf3 $1 (17. Nd5 {Alterman,B} Bxd5 18. exd5 $16) 17... Kh8 $2 (17... Bg4
18. Re3 Bxe2 19. Rxe2 Qc5 20. Qd2 b5 21. Nd5 Rf7 (21... Rfe8 {Alterman,B} 22.
cxb5 Qxb5) 22. cxb5 axb5 $14) (17... f5 18. Nd5 Rf7 19. exf5 Bxf5 20. Re3 (20.
b4 Qa4) 20... e6 21. Nc3 Nc5 22. Rd1 $14) (17... Rf7 $14) 18. Re3 g5 $6 (18...
Bf7) 19. Nd5 $6 (19. g3 gxf4 20. gxf4 Rg8 21. Nd5 Qd8 22. Rg3 (22. Rd1 Bf7 $14)
22... Rxg3 23. hxg3 Bf7 24. Kg2 e6 (24... b6 25. Rd1 e5 26. Qe3 Be6 27. Rh1 f5
$5 28. exf5 Bxf5 29. Bd3 Qf8 30. Ne7 $1 Bxd3 31. Nxc8 Bf5 32. Nxb6 Nxb6 33.
Qxb6 Be4+ 34. Kg1 Bxh1 35. Kxh1 exf4 36. Qd4+ $18) 25. Ne3 Qb6 26. Qxb6 Nxb6
27. Rd1 Rc6 28. Bf3 $16) 19... gxf4 20. Nxf4 (20. b4 $6 Qd8 21. Nxf4 Bf7 22.
Nd5 e6 23. Nc3 Ne5 24. Rd1 Rg8 25. Qxd6 (25. Na4 Nxc4 26. Bxc4 e5 27. Qxd6 Qxd6
28. Rxd6 Rxc4 29. Nc3 Rgc8 $17) 25... Qxd6 26. Rxd6 Rxc4 $1 27. Bxc4 Nxc4 28.
Red3 Nxd6 29. Rxd6 Rc8 30. Rd3 Bg6 31. Kg1 Rc4 32. a3 Bxe4 $17) 20... Bf7 21.
Nd5 $6 (21. Bg4 $5 Rcd8 (21... e5 22. Qxd6 exf4 23. Ree1 Qe5 (23... Rcd8 24.
Bxd7 Bh5 25. e5 f3 26. Re3 $1 (26. b4 $2 Qa3 (26... fxg2+ 27. Kg1 $18) 27. Qc5
(27. e6 Qb2 28. Qg3 Rg8 29. Qh3 Bg4 30. Qg3 fxg2+ 31. Kg1 Bxe6 $19) 27... fxg2+
28. Kg1 b6 29. Qe7 Qf3 30. Rad1 (30. e6 Qd3 $19) 30... fxe5 31. Qxe5+ Qf6 32.
Rd6 Qxe5 33. Rxe5 $11) 26... fxg2+ (26... f2 27. Rf1 Qxa2 28. e6 $18) 27. Kg1
$18)) 22. Ne6 Bxe6 23. Bxe6 Qe5 24. Qxe5 Nxe5 25. Kg1 $14) 21... Rce8 (21...
Bxd5 22. exd5 Ne5 23. Bg4 $16) 22. b4 (22. a4 Qc5 23. Qd2 a5 $11) 22... Qd8 $5
(22... Qa4 $5 $132) 23. Bd1 $2 (23. Rf1 Rg8 $132 (23... Ne5 {Alterman,B} 24.
Rh3 Rg8 $132)) 23... Rg8 $2 (23... e6 $1 24. Nc3 Qc7 (24... Ne5 $6 25. Ba4 Re7
26. Rd1 Qc7 $11) 25. Bb3 (25. Ba4 e5 26. Qd2 Bxc4 27. Nd5 Bxd5 28. exd5 Rc8 29.
Rae1 f5 $17) 25... Rc8 26. Rd1 Ne5 27. Qxd6 Nxc4 28. Bxc4 Qxd6 29. Rxd6 Rxc4
$17) (23... b5 24. cxb5 axb5 25. a4 $16) 24. Ba4 Rg6 25. c5 $2 (25. Bxd7 $2
Qxd7 26. Rf1 Reg8 27. Rf2 $11) (25. Qa7 $1 e6 (25... Qc8 26. Nb6 Nxb6 27. Bxe8
$16) 26. Nf4 (26. Qxb7 exd5 27. Qxd7 Qxd7 28. Bxd7 Rxe4 29. Rxe4 dxe4 $10)
26... Rg4 27. Qxb7 Rxf4 (27... Re7 $1 {Alterman,B}) 28. Qxd7 Qxd7 29. Bxd7 Rd8
30. Bc6 $16) 25... dxc5 (25... e5 $2 26. Qc3 Reg8 27. Re2 dxc5 28. bxc5 b5 29.
Bb3 (29. cxb6 Nxb6 30. Nxb6 Qxb6 $11) 29... Qf8 (29... a5 30. c6 b4 31. Qc2 $1
$18) 30. c6 Nc5 31. c7 Be6 32. Rc1 Nxb3 33. axb3 Bc8 (33... Qg7 34. c8=Q Bxc8
35. Qxc8 Rxg2 36. Qxg8+ Qxg8 37. Rxg2 $18) 34. Rf2 $16) 26. bxc5 Reg8 27. Rd1
$2 (27. Nf4 Rg4 28. Qxd7 (28. Rd3 {Alterman,B} Rxf4 29. Bxd7 e5 (29... Qc7 30.
g3 $18) (29... e6 $13) 30. Qe3 Bc4 31. Rdd1 f5 32. Bxf5 Qg5 33. Qh3 $16) 28...
Qxd7 29. Bxd7 Rxf4 30. Kg1 Rg5 (30... Bg6 $2 31. Be6 Rd8 32. Bd5 $14) 31. Rc1
Bg6 (31... Bxa2 32. Bc8 Bf7 33. Bxb7 $14) 32. Rc4 Re5 33. c6 bxc6 34. Bxc6 $11)
(27. Re2 $2 Ne5 28. Rd1 Rg5 {[%cal Gf7h5]} 29. Rf2 Bxd5 30. Qxd5 (30. exd5 Rg4
31. Rf4 Rxf4 32. Qxf4 Rg4 $19) 30... Ng4 $1 31. Rf5 (31. Qxd8 Nxf2+ 32. Kg1
Rxg2+ 33. Kf1 Nxd1 $19) 31... Nf2+ 32. Rxf2 Rxd5 33. exd5 Qa5 $19) 27... Rxg2
$2 (27... Ne5 $2 28. Nf4 Qxd4 29. Nxg6+ hxg6 30. Rxd4 Rc8 31. Rc3 Bxa2 $16) (
27... e5 $1 28. Qa1 Nxc5 (28... Rxg2 29. Bxd7 Qxd7 30. Nxf6 $16) 29. Nf4 exf4
30. Rxd8 Rxd8 31. Ra3 Nxa4 32. Rxa4 Rd2 $17) 28. Rh3 $2 (28. Nf4 e5 $19) (28.
Nb6 Qc7 $19) (28. Nxf6 $3 exf6 29. Bxd7 Bh5 (29... Rxa2 {Alterman,B} 30. e5 $17
) 30. Rf1 (30. Rb1 R8g7 31. c6 bxc6 32. Rd3 Rd2 $3 $19) 30... Be8 31. Rd3 $11)
28... e5 $2 (28... Ne5 29. Nxf6 $1 $16) (28... Nf8 29. Qe3 e5 {see 28...e5/} (
29... Bxd5 {Alterman,B} 30. exd5 Rxa2)) (28... Be6 $1 29. Bxd7 (29. Rh6 Bg4 30.
Rd3 Re2 $19) (29. Rg3 {Alterman,B} R2xg3 30. hxg3 Rxg3 $19) (29. Rh4 Nf8 30.
Rd2 Rxd2 31. Qxd2 Ng6 $19) 29... Qxd7 30. Rh4 Bg4 (30... R8g7 31. Rd2 Bh3 32.
Rf4 $19) 31. Rf1 (31. Kxg2 Bxd1+ 32. Kf2 Bg4 $19) 31... Bh3 $19) 29. Qe3 (29.
Qd3 $8 {Alterman,B} Nf8 30. Qf1 Rg1+ 31. Qxg1 Rxg1+ 32. Kxg1 Qa5 33. Bb3 Qxc5+
$15) 29... Nf8 (29... Be6 $2 30. Rh6 R2g6 (30... Bxd5 31. exd5 Nf8 {[%csl Rd5]}
(31... Rxa2 $4 32. Rxh7+ $1 Kxh7 33. Qh3+ Kg7 34. Rg1+ Kf8 35. Qh6+ Kf7 36.
Qh7+ $18) 32. Bb3 $13) 31. Rxg6 Rxg6 32. Nb6 $18) 30. Bb3 R2g6 (30... R2g7 31.
Rh6 Rg6 32. Rxg6 Rxg6 (32... Nxg6 33. Qf3 $11) 33. Qf3 $11) (30... R8g7 $17 {
Alterman,B}) 31. Qf3 (31. Qf2 Bxd5 $1 $8 (31... Ne6 32. Rhd3 (32. Nf4 Nxf4 33.
Rxd8 Nxh3 34. Rxg8+ Kxg8 $19) 32... Nd4 33. Nf4 R6g7 34. Bxf7 Rxf7 35. Ne6 Qa5
36. Nxd4 exd4 37. Rc1 $11) 32. exd5 Qc8 33. Rf3 (33. Qh4 Qxc5 $19 {[%csl Rg1]})
33... Rg2 34. Qh4 R8g5 35. c6 bxc6 (35... Ng6 $2 36. Qb4 bxc6 37. Qd6 Qf8 38.
Qxf8+ Nxf8 39. dxc6 $18) 36. Rxf6 Ng6 37. Qh6 Qg4 $19) (31. Qf2 $5 {Alterman,B}
) 31... Be6 $2 (31... Ne6 $1 32. Qf2 Ng5 33. Re3 Qf8 34. Rf1 Qxc5 35. Nxf6 Bxb3
36. axb3 Rf8 $19) 32. Rh4 $2 (32. Rg3 $1 Rxg3 33. hxg3 Nd7 (33... Rg6 34. Nf4
Rh6+ 35. Kg1 Qe7 36. Nxe6 Nxe6 37. Qg4 f5 38. Qxf5 Qxc5+ 39. Kg2 Rg6 40. Rd5
Qc3 (40... Rxg3+ 41. Kxg3 Qg1+ 42. Kf3 Qf1+ 43. Ke3 Qe1+ 44. Kd3 $18) (40...
Nf4+ 41. Qxf4 Qxd5 42. Qf8+ $18) 41. Qxe5+ (41. Rd8+ Kg7 42. Rd7+ Kh8 43. Rd8+
$11) 41... Qxe5 42. Rxe5 Nd4 43. Re8+ Kg7 44. Re7+ Kf6 (44... Kh6 45. Rxb7 Nxb3
46. axb3 $16) 45. Rxb7 Nxb3 46. axb3 Ke5 47. Kf3 h6 48. Rd7 Rb6 49. Rd5+ Ke6
50. Kf4 Rxb3 51. Rh5 a5 52. Rxh6+ Ke7 53. Ra6 Ra3 $16) (33... Bg4 {Alterman,B}
34. Qxf6+ Qxf6 35. Nxf6 Bxd1 36. Bxg8 Kg7 $19) 34. Nxf6 Qxf6 35. Qxf6+ Nxf6 36.
Bxe6 Rxg3 (36... Nxe4 $2 37. Bxg8 Nf2+ 38. Kh2 Nxd1 39. Bd5 $16) 37. Bd5 Rg7
38. Rb1 Nxd5 39. exd5 $11) 32... Bg4 $4 {Black is ruining his position} (32...
f5 33. exf5 $1 (33. Rh5 fxe4 34. Qxe4 Bg4 35. Re1 (35. Qxe5+ R8g7 $19 {/\Bf3/})
35... Bxh5 36. Qxe5+ Qf6 $3 $19 (36... R8g7 37. Qxh5 Qe8 $1 38. Qh4 (38. Qd1
Rg1+ $1 39. Rxg1 Qe4+ $19) 38... Qe2 $1 $19)) 33... Qxh4 34. fxg6 Nxg6 (34...
Bg4 35. g7+ Kxg7 36. Qg2 Kh8 37. Ne3 Be6 38. Qxb7 $11) 35. Qf6+ Qxf6 36. Nxf6
Bxb3 37. axb3 Rf8 38. Ne4 Kg8 39. Rd7 Rf7 40. Rd8+ Kg7 41. Nd6 Rf2 42. Kg1 Rc2
43. Nxb7 Nh4 $17) 33. Rxg4 $1 Rxg4 34. Nxf6 Rf4 (34... Qxd1+ 35. Qxd1) 35. Rxd8
Rxf3 36. Nxg8 1-0

[Event "HUN-ch"]
[Site "Budapest"]
[Date "1996.??.??"]
[Round "11"]
[White "Fogarasi, Tibor"]
[Black "Kiss, Pal"]
[Result "1-0"]
[WhiteElo "2505"]
[BlackElo "2480"]
[Annotator "Tsesarsky,I"]
[PlyCount "151"]
[EventDate "1996.12.??"]
[EventType "tourn"]
[EventRounds "11"]
[EventCountry "HUN"]
[EventCategory "9"]
[SourceTitle "CBM 057"]
[Source "ChessBase"]
[SourceDate "1997.04.01"]
[SourceVersion "1"]
[SourceVersionDate "1997.04.01"]
[SourceQuality "1"]

1. e4 {King} c5 2. Nf3 Nc6 3. d4 cxd4 4. Nxd4 g6 5. c4 Nf6 6. Nc3 Nxd4 7. Qxd4
d6 8. Be2 Bg7 9. O-O O-O 10. Qd3 Nd7 11. Bg5 (11. Bd2 Nc5 12. Qe3 Bd7 13. Rac1
Bc6 14. f3 a5 15. b3 e6 16. Rfd1 Qe7 17. Bf1 Rfd8 18. Qf2 b6 19. Be3 Be5 20.
Rc2 $14 {1/2-1/2 Andersson,U-Tukmakov,V/Madrid 1973 (44)}) 11... Nc5 12. Qe3 {
King In Maroczy positions it is pleasant for White to be in control of th
c1-h6 diagonal so that, if necessary, the bishops can be exchanged, or simply
so that the bishop may remain on g5 without being driven away by ...h6.} Bxc3
$6 $14 {King: Black gambles. In return for giving the bishop, Black damages
White's pawns on the queenside, again, quite typical fo this kind of position.}
(12... a5 $142 13. Nd5 Re8 14. Rab1 Be6 15. b3 Bxd5 16. exd5 Bf6 17. Bxf6 exf6
18. Qd2 Ne4 19. Qd4 f5 20. Rfe1 Qf6 21. Qxf6 Nxf6 $11 {0-1 Isupov,V-Mikhailov,
V/Kemerovo2 1995 (38)}) 13. bxc3 Re8 (13... b6 14. Bh6 Re8 15. f4 Bb7 16. f5 $1
e6 17. fxg6 fxg6 18. e5 $1 d5 19. Rf4 Ne4 20. cxd5 exd5 21. Rxe4 $1 dxe4 22.
Bc4+ Bd5 23. Qxe4 $1 Be6 24. Qb7 Re7 25. Bxe6+ Kh8 26. Qc6 Qe8 27. Bd5 Qxc6 28.
Bxc6 Rc8 29. Bg5 {1-0 Smejkal,J-Jansa,V/Hradec Králové 1981}) (13... f6 14. Bh6
Re8 15. f4 Qa5 16. Kh1 Na4 17. Rac1 Qc5 18. Qg3 Nb6 19. f5 Kf7 20. Be3 {
1-0 Fogarasi,T-Deak,S/HUN-chT1 1994}) 14. Kh1 (14. f4 Qb6 15. Rab1 Qc6 16. e5
Qe4 17. Qf2 Qc2 18. Bf3 Qxf2+ $132 {1/2-1/2 Mohrlok,D-Kamenets,A/cr Wch-16 sf
1994 (27)}) 14... Qb6 $140 $146 (14... f6 {King} 15. Bh6 Be6 16. f4 Nd7 {
Looks a better way for Black to play.   If White plays f5, then the knight
will find a square on e5, and in the meantime Black threatens ...Qc7.}) 15. Bh6
$6 {Black Changes The Queens} (15. Rab1 $1 Qa5 16. f4 (16. Rb2 Na4 17. Rc2 Qc5
18. Qg3 Qc6 19. e5 Qe4 $17) 16... Qxa2 17. f5 $1 f6 (17... Qc2 18. Bf3 (18. f6
$2 exf6 19. Bxf6 Nxe4 20. Bd3 (20. Bd4 Qxe2 $19) 20... Qd2 $17 (20... Nf2+ 21.
Qxf2 Qxd3 22. Bd4 (22. Qh4 Re6 23. Bd4 f6 24. Rbe1 Bd7 25. Rxf6 Rxe1+ 26. Qxe1
Re8 $17) 22... f5 23. Qh4 $16 {Black squares})) 18... f6 19. Bh6 (19. fxg6 fxg5
20. Qxg5 Ne6 21. gxh7+ Kh8 22. Qg6 Rf8 23. Bg4 Nf4 $19) (19. Bxf6 exf6 20. fxg6
Bf5 $19) 19... g5 20. h4 (20. Bxg5 $2 fxg5 21. Qxg5+ Kh8 22. f6 Rg8 23. f7 (23.
Qh6 Be6 24. fxe7 Qxc3 25. e5 Qxe5 26. Rbe1 Qg5 27. Rxe6 Nxe6 28. Qxe6 Rae8 29.
Qxd6 Rxe7 $17) 23... Rxg5 24. f8=Q+ Rg8 25. Qxe7 Qxc3 $19) 20... gxh4 (20... g4
21. Bxg4 (21. Qf4 $2 Kh8 22. Qxg4 Rg8 23. Qf4 Qxc3 24. Rfc1 Qd4 25. Rc2 $15)
21... Qxe4 22. Qg3 $18 {[%cal Gg4f3]}) 21. Qf4 Kh8 (21... Rd8 22. Qg4+ Kf7 23.
Qg7+ (23. Qh5+ Kg8 24. e5 (24. Qxh4 $2 Kh8 25. Bh5 Qxe4 $17) 24... Bxf5 25.
exf6 Bg6 26. Bd5+ e6 27. f7+ Kh8 28. Qxh4 $18 (28. Bg5 $18)) 23... Ke8 24. e5
$1 dxe5 25. Qg8+ Kd7 26. Qd5+ $18) 22. Qxh4 Qxc3 23. Bh5 Rg8 24. Bg6 Nxe4 25.
Bd2 $1 Ng3+ 26. Kh2 Nxf1+ 27. Rxf1 Qe5+ 28. Bf4 $18) 18. fxg6 fxg5 19. Qxg5 Ne6
20. Qh6 hxg6 21. Qxg6+ Ng7 22. Bd3 $18) 15... Na4 16. Qd2 (16. Qg3 Qb2) (16.
Qd4 f6) 16... Qb2 17. Qxb2 Nxb2 18. c5 $1 (18. a4 Bd7 $1 (18... Be6 19. Rfb1
Nxc4 20. Rxb7 $14) 19. Rfb1 (19. a5 Na4 20. Ra3 Nc5 21. f3 Rec8 $15) 19... Nxa4
20. Rxb7 Bc6 21. Rc7 Nxc3 22. Rxc6 Nxe2 23. Rca6 Rac8 24. Rxa7 f6 $15 (24...
Rxc4 $2 25. Rxe7 $1)) 18... Be6 (18... a6 19. a4 Bd7 20. cxd6 Nxa4 21. Rfb1
exd6 22. Rxb7 Nc5 23. Rc7 Nxe4 24. Kg1 Nc5 25. Be3 Rec8 26. Rxc8+ Rxc8 27. Bxc5
(27. Bxa6 $2 Ra8 28. Bxc5 dxc5 $19) 27... Rxc5 28. Rxa6 Rxc3 29. Rxd6 $11) (
18... dxc5 $2 19. Rfb1 Na4 20. Bb5 $18) 19. cxd6 exd6 20. Rfb1 (20. Rab1 Na4
21. Bb5 Nxc3 22. Bxe8 Nxb1 23. Rxb1 Rxe8 24. Rxb7 Bd5 $1 25. Rxa7 Rxe4 $11)
20... Na4 21. Rxb7 (21. Bb5 Nxc3 22. Bxe8 Nxb1 23. Rxb1 Rxe8 24. Rxb7 Bd5)
21... Nxc3 22. Bf3 Nxa2 (22... Reb8 23. Rc7 Rc8 24. Re7 a5 25. a4 Rab8 26. Ra7
Rb2 27. Kg1 Nxa4 28. h3 Nc5 29. R1xa5 Nd3 30. R5a6 Ne5 31. Rxd6 Nxf3+ 32. gxf3
Bxh3 $11) 23. h3 Reb8 24. Re7 Nc3 (24... Rb2 25. Bf4 Rxf2 26. Bxd6 a5 27. e5
Rc8 28. Ra7 Rb2 29. Rxa5 Kg7 $11) 25. Ra6 (25. Rexa7 Rxa7 26. Rxa7 Nb5 27. Re7
Nd4 28. Bd1 d5 29. exd5 Nf5 30. Rc7 Bxd5 $11) 25... Re8 $6 (25... Nb5 26. Be2 (
26. e5 $6 d5 27. Be3 (27. Raxe6 $2 fxe6 28. Bg4 Nd4 $19) 27... Re8 28. Rxe8+
Rxe8 29. Ra5 Rb8 30. Be2 (30. Bxa7 Nxa7 31. Rxa7 Rb1+ 32. Kh2 Re1 33. Kg3 Rxe5
34. Kf4 Re1 $17) 30... d4 31. Bxb5 dxe3 32. fxe3 h5 $15) 26... Nc3 27. Bf3 $11)
26. Raxa7 $14 Rac8 27. Reb7 Ra8 28. Rxa8 Rxa8 29. Rb4 (29. Kh2 d5 30. exd5 Bxd5
$11) (29. Rb6 d5 30. exd5 (30. e5 Bf5 31. Rb7 Be4 $11) 30... Bxd5 $11) 29... d5
30. e5 Rc8 (30... Bf5 $11 {[%cal Gf5e4]}) 31. Kh2 Rc4 $6 (31... Bf5 32. g4 Be4
33. Bxe4 Nxe4 34. f3 Nc5 35. f4 Ne4 36. Rb7 Nc5 37. Ra7 d4 38. Kg2 d3 39. f5 (
39. Kf2 d2 40. Ke2 Rd8 41. Kd1 Ne4 $19) 39... Rd8 40. Ra1 gxf5 41. gxf5 d2 42.
Rd1 Nb3 43. Kf3 Rd3+ 44. Be3 h5 45. Ke4 Rd7 $11) 32. Rb6 Ne4 33. Bxe4 dxe4 34.
Rd6 Rc8 35. Rd4 e3 $2 (35... f5 $1 36. exf6 Kf7 37. Bg7 (37. Bg5 Rc4 38. Rd8
Rc8 39. Rd6 Rc5 40. h4 h6 41. Bxh6 Kxf6 42. Bg7+ Kf7 $14) 37... Rc4 38. Rd8 Rc8
39. Rd6 g5 $14) 36. Bxe3 $18 h5 (36... Kg7 37. Bg5 h6 38. Bf6+ Kh7 39. f4 Rc2
40. Rd8 Rc8 41. Rd2 Rc4 (41... h5 $2 42. Kg3 $18) 42. Kg3 Bf5 43. Rd8 Rc8 44.
Rd4 Be6 45. Kh4 Bf5 (45... g5+ $2 46. fxg5 Rc4 47. Rxc4 Bxc4 48. g4 (48. Kh5
hxg5 49. Kxg5 Bf1 $11) 48... Kg6 49. gxh6 Kxh6 50. Kg3 Kg6 51. h4 Kh7 52. h5
Bb3 53. Kf4 (53. Bg5 Kg7 54. Be3 f6 $1 $11) 53... Be6 54. Kg5 Bb3 55. Be7 Kg7
56. Bc5 Bc2 57. Bd4 Bd3 58. Kh4 Kh7 59. g5 Kg7 60. Be3 Bc2 61. g6 fxg6 62. h6+
Kf7 63. Bg5 Bf5 64. Kg3 Be6 65. Kf4 Kf8 66. Ke3 Bg8 67. Kd4 Bh7 68. Kd5 Ke8 69.
e6 Bg8 70. Ke5 Bh7 71. Kf6 $18) 46. g4 Be6 47. Rd3 Rc4 48. Kg3 h5 49. Kh4 $2 (
49. Rd8 Rc8 50. Rd4 Rc4 51. Rd6) (49. Rd6 Kh6 50. Kh4 hxg4 51. hxg4 Rc1 52. Rd8
Rc8 53. Rd3 $18) 49... hxg4 50. Rd8 Rc8) 37. Bg5 Ra8 38. Kg3 Rc8 39. f4 Kh7 40.
Bf6 Rc2 41. Rd8 Rc8 42. Rd2 Rc4 43. Bg5 Rc3+ 44. Kh4 Rc1 45. Rb2 (45. Bf6 Kh6
46. Rb2 $22 Kh7 (46... Rd1 47. Rb8 $18) 47. Kg5 (47. g4 hxg4 48. hxg4 Rg1 49.
Rb8 Rxg4+ 50. Kh3 Rxf4+ 51. Kh2 g5 52. Bxg5 $11) 47... Rc3 48. g4 Bxg4 49. hxg4
Rg3 50. Kh4 Rxg4+ 51. Kh3 Rxf4 52. Rb8 g5 53. Rh8+ Kg6 54. Rg8+ Kh7 55. Rxg5
$18) 45... Rc4 46. Rd2 Rc1 47. Bf6 Kh6 48. Rd3 Rc4 49. g4 hxg4 50. hxg4 Rc1 51.
Kg3 Kh7 52. Kf3 (52. Rd8 Rc3+ 53. Kh4 Rc8 54. Rd3 Kh6 55. Rh3 g5+ 56. Bxg5+ $18
) 52... Rc4 53. Rd2 Rc3+ 54. Ke4 Bxg4 55. e6 $1 Rc6 (55... Rc4+ 56. Kd3 Rc6 57.
e7 Re6 58. Rh2+ Bh5 59. f5 Re1 (59... gxf5 60. Rxh5+ Kg6 61. Rh8 $18) 60. Rh1
$18) 56. Rh2+ Bh5 57. e7 Rxf6 58. e8=Q Re6+ 59. Qxe6 fxe6 60. Ke5 Kg7 61. Kxe6
Bg4+ 62. Ke5 Bf5 63. Rb2 Bd3 64. Rb3 Bc2 65. Rb7+ Kh6 66. Rb2 Bf5 67. Kf6 Kh5
68. Rg2 Bd3 69. Rg3 Be4 70. Rg5+ Kh6 71. Rc5 Bb1 72. Rc1 Be4 73. Re1 Bc6 74.
Re5 Ba4 75. Rg5 Be8 (75... Bc2 76. Rg2 Bd1 77. Rxg6+ $18) 76. f5 1-0

[Event "NED-ch sf"]
[Site "Netherlands"]
[Date "2006.10.17"]
[Round "1"]
[White "Van den Doel, Erik"]
[Black "Hendriks, Willy"]
[Result "1-0"]
[WhiteElo "2577"]
[BlackElo "2445"]
[Annotator "Van den Doel,E"]
[PlyCount "67"]
[EventDate "2006.09.05"]
[EventType "tourn"]
[EventCountry "NED"]
[SourceTitle "EXT 2018"]
[Source "ChessBase"]
[SourceDate "2017.10.13"]
[SourceVersion "1"]
[SourceVersionDate "2017.10.13"]
[SourceQuality "1"]

1. e4 c5 2. Nf3 g6 3. d4 cxd4 4. Nxd4 Nc6 5. c4 Nf6 6. Nc3 Nxd4 7. Qxd4 d6 8.
Be3 Bg7 9. f3 O-O 10. Qd2 a5 11. Na4 $3 $146 {I am very proud of this novelty.
It stops Black's plan of a5-a4 followed by ...Qa5 and it eyes on the weak
b6-square. It breaks the rules that one should not put a knight on the rim and
that one should develop one's pieces in the opening.} (11. Be2 {was what
Kasparov played in a clock simul. I presume he did not spend any thinking time
here.}) 11... Nd7 ({If Black tries to open the position by playing} 11... e6 {
he merely creates another weakness on d6.} 12. Nb6 Rb8 13. Rd1 Ne8 14. Be2 {
with a clear advantage.}) 12. O-O-O $1 (12. h4 {allows Black to free himself a
bit.} Nc5 13. Nc3 (13. Nxc5 dxc5 14. Bxc5 (14. Qxd8 Rxd8 15. Bxc5 $2 {does not
work.} Bxb2 16. Rb1 Bc3+ 17. Kf2 Rd2+ {and black is better.}) 14... Qc7 15. Be3
Rd8 {with compensation.}) 13... Be6 {with counterplay.}) 12... Ne5 (12... Qc7
13. Kb1 Nc5 14. Nc3 Be6 15. h4 a4 16. h5 a3 17. b3 {and it is unclear how
Black's attack will continue, whereas White can go for Bh6 or Bd4.}) 13. Nb6
Be6 14. Kb1 $5 {I was not interested in exchanging the great knight for a
passive rook. I wanted to attack on the kingside. It is a matter of taste.} a4
15. a3 {Not necessary.} Qc7 16. Rc1 Nc6 17. h4 Na5 18. Rc2 Nb3 19. Qf2 Ra5 20.
Nd5 Bxd5 21. exd5 {Keeping the c-file closed. Now finally the time has come to
attack. Black has no counterplay.} Qd7 22. h5 Qf5 23. g4 Qf6 24. f4 e5 25. hxg6
exf4 26. gxh7+ Kh8 27. Qxf4 Qg6 28. Qf5 Re8 29. Qxg6 fxg6 30. Re2 Raa8 31. Bf4
Rxe2 32. Bxe2 Rf8 33. Bxd6 Rf2 34. Rh2 $1 1-0